[Event "Bucharest CCS (Women)"]
[Site "Bucharest"]
[Date "1993.??.??"]
[Round "3"]
[White "Diozu, Maia"]
[Black "Duminica, Mariana"]
[Result "1-0"]
[WhiteElo "2020"]
[BlackElo "2130"]
[PlyCount "152"]
[EventDate "1993.??.??"]
[EventType "tourn"]
[EventRounds "13"]
[EventCountry "ROU"]
[SourceTitle "EXT 1999"]
[Source "ChessBase"]
[SourceDate "1998.11.16"]
[SourceVersion "1"]
[SourceVersionDate "1998.11.16"]
[SourceQuality "1"]

1. e4 e5 2. Nf3 Nc6 3. d4 exd4 4. Nxd4 Bc5 5. Be3 Qf6 6. c3 Nge7 7. Bc4 0-0 8. 0-0 Bb6 9. Bb3 Rd8 10. Nc2 d6 11. Bxb6 axb6 12. Ne3 Be6 13. Nd5 Bxd5 14. exd5 Ne5 15. Nd2 Qh4 16. Nf3 Qf4 17. Nd4 c5 18. dxc6 bxc6 19. g3 Qf6 20. f4 Nd7 21. Qf3 d5 22. Bc2 c5 23. Nb5 Qc6 24. a4 Nf8 25. f5 f6 26. Rae1 Qd7 27. Rd1 Kh8 28. Qf4 Rac8 29. Rd2 c4 30. Qe3 Rc5 31. Nd4 Nc6 32. Nxc6 Qxc6 33. Re1 Qc8 34. Rde2 h6 35. Qd4 Nd7 36. Re6 Ne5 37. Kg2 Rc6 38. Re7 Rd7 39. Re6 Rdd6 40. Rxd6 Rxd6 41. g4 Qb7 42. b4 Qd7 43. b5 Qc7 44. g5 hxg5 45. h4 g4 46. h5 Qf7 47. Qf4 Kg8 48. Rh1 Qf8 49. h6 Nf7 50. Qxg4 Ng5 51. Qh5 Rd8 52. Qg6 Qf7 53. hxg7 Qxg7 54. Re1 Qxg6 55. fxg6 d4 56. cxd4 Rxd4 57. Re8+ Kg7 58. Bf5 Rd5 59. Re7+ Kg8 60. Bb1 f5 61. Kg3 Kf8 62. g7+ Kg8 63. Rb7 Nf7 64. Rxb6 Kxg7 65. a5 Nd6 66. Rxd6 Rxd6 67. b6 Rd5 68. a6 Rb5 69. a7 Rxb6 70. a8Q Rxb1 71. Qg2 Rb5 72. Kf4+ Kf7 73. Qc6 Rb1 74. Qxc4+ Kf6 75. Qa6+ Ke7 76. Kxf5 Rd1 1-0

[Event "Bucharest TIT-2 (Women)"]
[Site "Bucharest"]
[Date "1993.??.??"]
[Round "7"]
[White "Fratila, Adela"]
[Black "Diozu, Maia"]
[Result "1/2-1/2"]
[WhiteElo "2050"]
[BlackElo "2020"]
[PlyCount "48"]
[EventDate "1993.??.??"]
[EventType "tourn"]
[EventRounds "11"]
[EventCountry "ROU"]
[SourceTitle "EXT 1998"]
[Source "ChessBase"]
[SourceDate "1997.11.17"]
[SourceVersion "1"]
[SourceVersionDate "1997.11.17"]
[SourceQuality "1"]

1. e4 g6 2. d4 Bg7 3. Be3 c6 4. Nc3 d5 5. Qd2 Nf6 6. exd5 cxd5 7. Bh6 0-0 8. Bxg7 Kxg7 9. f3 h5 10. 0-0-0 Nc6 11. Qf4 a6 12. h3 Rh8 13. Bd3 b5 14. Kb1 Qa5 15. Qg5 Nb4 16. Qe5 Nxd3 17. Rxd3 b4 18. Nd1 Bf5 19. Rb3 Rac8 20. Ne3 Bd7 21. g4 Ba4 22. g5 Bxb3 23. axb3 Rhe8 24. Ne2 Kg8 1/2-1/2